|
|
|
|
| LEADER |
00000nam a2200000 i 4500 |
| 001 |
DIGPUZ0792 |
| 003 |
NyNyDIG |
| 007 |
cr ||||||||||| |
| 008 |
220726s2021 sp ob 000 1 spa d |
| 006 |
m o d |
| 035 |
|
|
|a (OCoLC)1281966938
|
| 040 |
|
|
|a DGITA
|b eng
|e rda
|e pn
|c DGITA
|
| 020 |
|
|
|a 9788413402086
|q eBook
|
| 020 |
|
|
|z 9788413402079
|
| 041 |
1 |
|
|a spa
|h eng
|
| 050 |
1 |
4 |
|a PR1243 ebook
|
| 100 |
1 |
|
|a Centlivre, Susanna,
|d 1667?-1723,
|e author.
|
| 240 |
1 |
0 |
|a Busy body.
|l Spanish
|s (Martínez-García)
|
| 245 |
1 |
3 |
|a El metomentodo /
|c Susanna Centlivre ; traducción y edición crítca de Laura Martínez-García.
|
| 250 |
|
|
|a 1a edición.
|
| 264 |
|
1 |
|a Zaragoza, España :
|b Prensas de la Universidad de Zaragoza,
|c 2021.
|
| 300 |
|
|
|a 1 online resource.
|
| 336 |
|
|
|a text
|b txt
|2 rdacontent
|
| 337 |
|
|
|a computer
|b c
|2 rdamedia
|
| 338 |
|
|
|a online resource
|b cr
|2 rdacarrier
|
| 347 |
|
|
|a text file
|2 rdaft
|
| 347 |
|
|
|b PDF
|
| 490 |
1 |
|
|a Colección PUZClásicos/Textos
|
| 504 |
|
|
|a Includes bibliographical references.
|
| 588 |
0 |
|
|a Online resource; title from PDF title page (Digitalia, viewed July 26, 2022)
|
| 655 |
|
7 |
|a Drama.
|2 lcgft
|
| 655 |
|
0 |
|a Electronic books.
|
| 700 |
1 |
|
|a Martínez-García, Laura,
|e translator.
|
| 700 |
1 |
|
|i Translation of:
|a Centlivre, Susanna,
|d 1667?-1723.
|t Busy body.
|
| 791 |
2 |
|
|a Digitalia (Firm),
|e distributor.
|
| 793 |
0 |
|
|g Digitalia eBook Collection:
|a Prensas Universitarias de Zaragoza
|
| 776 |
0 |
8 |
|i Print version:
|a Centlivre, Susanna, 1667?-1723.
|s Busy body. Spanish (Martínez-García).
|t Metomentodo.
|b 1a edición.
|d Zaragoza, España : Prensas de la Universidad de Zaragoza, 2021
|z 9788413402079
|
| 830 |
|
0 |
|a PUZClásicos (Series)
|
| 856 |
4 |
0 |
|3 Digitalia Hispánica
|u https://www.digitaliapublishing.com/a/102810/
|
| 910 |
|
|
|a Premium collection: 2022
|